V AlexParku sa vyšantíme na 56 atrakciách! na Spiši otvorili najväščí raj pre deti

Bibliographic Details
Main Author: Kovář, Zdeněk (Author)
Format: Article
Language:Slovak
PhysicalDescription:Fotogr.
ISSN:1335-4655
Subjects:
Online Access:https://www.cas.sk/clanok/628083/na-spisi-otvorili-najvacsi-raj-pre-deti-v-alexparku-sa-vysantime-na-56-atrakciach/

MARC

LEADER 00000nab a2200000 ar4500
001 vtls011765215
003 SK-MaSNL
005 20260303232823.0
008 180703c20171204xo mr|p|||||||000 b|slo
038 |a SNSK 
040 |a SNSK  |b slo  |e rda  |c SK 
041 |a slo 
043 |a e-xo- - - 
044 |a xo  |c SK 
080 |a 791.7  |x -053.2  |2 2011 
080 |a 394.49  |2 2011 
100 1 |a Kovář, Zdeněk  |4 aut  |9 266642 
245 1 0 |a V AlexParku sa vyšantíme na 56 atrakciách!  |b na Spiši otvorili najväščí raj pre deti  |c Zdeněk Kovář 
300 |b Fotogr. 
610 2 7 |a AlexPark (Spišská Nová Ves, Slovensko : zábavný park)  |2 snsk  |9 1269198 
650 0 7 |a atrakcie  |2 snsk  |9 887403 
650 0 7 |a tobogany  |2 snsk  |9 31750 
650 0 7 |a zábavné parky  |2 snsk  |9 3037 
650 0 7 |a otvorenie  |2 snsk  |9 765696 
651 7 |a Spišská Nová Ves (Slovensko)  |2 snsk  |9 28800 
773 0 |t Nový Čas  |g Roč. 27, č. 278 (4.12.2017), s. 7  |x 1335-4655 
852 |a SNSK  |b KIS3GCP 
856 4 1 |u https://www.cas.sk/clanok/628083/na-spisi-otvorili-najvacsi-raj-pre-deti-v-alexparku-sa-vysantime-na-56-atrakciach/ 
999 |c 2274018  |d 2275948